Πλαίσιο διαχείρισης της λαθρομετανάστευσης στην περιοχή του Βορείου Αιγαίου : διπλωματική εργασία

Αποθηκεύτηκε σε:
Λεπτομέρειες βιβλιογραφικής εγγραφής
Κύριος συγγραφέας: Λαμπρινάκης, Μάρκος
Συγγραφή απο Οργανισμό/Αρχή: Πανεπιστήμιο Αιγαίου Σχολή Επιστημών της Διοίκησης Τμήμα Ναυτιλίας και Επιχειρηματικών Υπηρεσιών Πρόγραμμα Μεταπτυχιακών Σπουδών "Ναυτιλία, Μεταφορές και Διεθνές Εμπόριο - ΝΑ.Μ.Ε."
Μορφή: Thesis Βιβλίο
Γλώσσα:Greek
Δημοσίευση: 2011
Θέματα:
Διαθέσιμο Online:http://hdl.handle.net/11610/12867
Ετικέτες: Προσθήκη ετικέτας
Δεν υπάρχουν, Καταχωρήστε ετικέτα πρώτοι!

MARC

LEADER 00000cam a2200000 i 4500
001 1/32839
008 130710s2011 gr | ||| |||| ||gre||
035 |l 10114983 
040 |a GR-MyUa  |b gre  |e AACR2 
041 0 |a gre 
082 7 |a 304.8   |2 (22) 
100 1 |a Λαμπρινάκης, Μάρκος. 
245 1 0 |a Πλαίσιο διαχείρισης της λαθρομετανάστευσης στην περιοχή του Βορείου Αιγαίου :   |b διπλωματική εργασία /   |c Λαμπρινάκης Μάρκος ; επιβλέπων: Νικητάκος Νικήτας. 
260 |c 2011 
300 |a 114 σ. :   |b εικ., διαγρ., χάρτες ;   |c 30 εκ. 
502 |a Διατριβή (μεταπτυχιακή) – Πανεπιστήμιο Αιγαίου, Χίος, 2011. 
504 |a Περιλαμβάνει βιβλιογραφία. 
650 0 |a Immigration  |x Goverment policy. 
650 0 |a Immigration  |x Social aspects. 
650 0 |a Dissertations, Academic  |z Greece. 
651 0 |a Aegean Islands (Greece and Turkey)  |x Emigration and immigration. 
700 1 |a Νικητάκος, Νικήτας,  |e dgs 
710 1 |a Πανεπιστήμιο Αιγαίου  |b Σχολή Επιστημών της Διοίκησης  |b Τμήμα Ναυτιλίας και Επιχειρηματικών Υπηρεσιών  |b Πρόγραμμα Μεταπτυχιακών Σπουδών "Ναυτιλία, Μεταφορές και Διεθνές Εμπόριο - ΝΑ.Μ.Ε.". 
852 |a INST  |b CHIOS  |c DIATR  |e 20130710  |h 304.8 ΛΑΜ  |p 005200033315  |q 005200033315  |t MTXE  |y 23 
852 |a INST  |b CHIOS  |c DIATR  |e 20130710  |h 304.8 ΛΑΜ  |p 005200033316  |q 005200033316  |t MTXE  |y 23 
856 |u http://hdl.handle.net/11610/12867 
901 |a BIBL2-2013-2 
924 |a Λαμπρινάκης  |b Μάρκος  |y Χίος  |z 2011-11 
970 |a ΠΑΡΟΙΚΑΚΗ  |b ΒΑΣΙΛΙΚΗ  |z 2013/07/10